Normal view
MARC view
- Relief wells
Entry Topical Term
001 - CONTROL NUMBER
- control field: 22074
003 - CONTROL NUMBER IDENTIFIER
- control field: NUST
005 - DATE AND TIME OF LATEST TRANSACTION
- control field: 20191001102403.0
008 - FIXED-LENGTH DATA ELEMENTS
- fixed length control field: 191001|| aca||aabn | a|a d
040 ## - CATALOGING SOURCE
- Original cataloging agency: NUST
- Transcribing agency: NUST
150 ## - HEADING--TOPICAL TERM
- Topical term or geographic name entry element: Relief wells
- General subdivision: Maintenance and repair.
670 ## - SOURCE DATA FOUND
- Source citation: Work cat.: (NUST)0: TRB 19556, Design, construction, and maintenance , c1993.
